| 000 | 00590nam a22002177a 4500 | ||
|---|---|---|---|
| 003 | Ost | ||
| 005 | 20260226080939.0 | ||
| 008 | 260226b |||||||| |||| 00| 0 eng d | ||
| 020 | _a9781439811511 | ||
| 040 | _cBT-PhCST | ||
| 050 | _a25653 | ||
| 082 |
_222 _a697 _bKRE |
||
| 100 | _a Kreider, Jan F. | ||
| 245 |
_aHeating and cooling of buildings : d _besign for efficiency / |
||
| 250 | _a2nd ed. | ||
| 260 |
_aLondon : _bCRC Press, _cc2010. |
||
| 300 |
_axix, 843 p. : _bill. ; _c26 cm. _eCD |
||
| 500 | _aIncludes index. | ||
| 700 | _aCurtiss, Peter & Rabl, Ari | ||
| 942 |
_2ddc _cMEC |
||
| 999 |
_c10156 _d10156 |
||